000 00447pab a2200169 454500
008 180718b2000 xxu||||| |||| 00| 0 eng d
100 _aKono, Makoto
245 _aThe impact of modernisation and social policy on family care for older people in Japan
260 _c2000
300 _ap.181-203
362 _aApr
650 _aOld age
650 _aSocial policy
650 _aElderly
773 _aJournal of Social Policy
909 _a45497
999 _c45497
_d45497